| 000 | 00432nam a2200181Ia 4500 | ||
|---|---|---|---|
| 001 | 2024 | ||
| 005 | 20260306143812.0 | ||
| 008 | 260306t2017||||xx |||||||||||||| ||spa|| | ||
| 041 | _aESP | ||
| 082 |
_a611 _bM566 |
||
| 100 |
_aMoore, Keith L., _eAUT |
||
| 245 | 0 | _aAnatomía con orientación clínica | |
| 260 | _c2017 | ||
| 300 |
_axxxv, 1152 páginas : _c28 cm. |
||
| 650 | _aGEN | ||
| 654 | _aCCS | ||
| 942 |
_cLIB _dJUS _fJUS _2ddc _n |
||
| 999 |
_c2024 _d2024 |
||